| Tag |
First Indicator |
Second Indicator |
Subfields |
| LEADER |
00000cam a2200000 4500 |
| 001 |
in00001870310 |
| 006 |
m | d | |
| 007 |
cr |n||||||||n |
| 008 |
840402s1788 enk|||| s 00||||eng d |
| 005 |
20260403182050.2 |
| 035 |
|
|
|a (CStRLIN)ESTCN7517
|
| 040 |
|
|
|a Cu-RivES
|c Cu-RivES
|d Uk-ES
|d CStRLIN
|d Thomson Gale
|d UtOrBLW
|
| 100 |
0 |
|
|a Gentleman of the faculty.
|
| 245 |
1 |
0 |
|a Every lady her own physician :
|b or, the closet companion. Containing ample instructions for the prevention and cure of all disorders incident to the fair sex; ... By a gentleman of the faculty. Corrected and revised by Silvester Mahon, ...
|
| 264 |
|
3 |
|a London :
|b printed for M. Randall,
|c 1788.
|
| 300 |
|
|
|a 2 unnumbered pages, viii, 124p. ;
|c 8⁰.
|
| 336 |
|
|
|a text
|b txt
|2 rdacontent
|
| 337 |
|
|
|a computer
|b c
|2 rdamedia
|
| 338 |
|
|
|a online resource
|b cr
|2 rdacarrier
|
| 500 |
|
|
|a With an initial advertisement leaf.
|
| 500 |
|
|
|a Reproduction of original from the National Library of Medicine.
|
| 510 |
4 |
|
|a English Short Title Catalog,
|c ESTCN7517.
|
| 533 |
|
|
|a Electronic reproduction.
|b Farmington Hills, Mich. :
|c Thomson Gale,
|d 2003.
|n Available via the World Wide Web.
|n Access limited by licensing agreements
|7 s2003 miunns
|
| 500 |
|
|
|a Electronic resource.
|
| 830 |
|
0 |
|a Eighteenth century collections online.
|
| 856 |
4 |
0 |
|u http://proxy.library.tamu.edu/login?url=https://galenet.galegroup.com/servlet/ECCO?c=1&stp=Author&ste=11&af=BN&ae=N007517&tiPG=1&dd=0&dc=flc&docNum=CW108570988&vrsn=1.0&srchtp=a&d4=0.33&n=10&SU=0LRM&locID=txshracd2898
|z Full text online
|t 0
|
| 999 |
|
|
|a MARS
|
| 999 |
f |
f |
|s 5b582b27-f795-3ac3-8494-08004abbcddd
|i eec63c63-e759-3f20-b356-985fed80815c
|t 0
|
| 952 |
f |
f |
|a Texas A&M University
|b College Station
|c Electronic Resources
|s www_evans
|d Available Online
|t 0
|h No information provided
|
| 998 |
f |
f |
|t 0
|l Available Online
|